| 000 | 00334nam a2200121Ia 4500 | ||
|---|---|---|---|
| 008 | 150202s9999 xx 000 0 und d | ||
| 050 |
_aFIC _bFIC |
||
| 100 | _aAgatha, Christie. | ||
| 245 |
_aPartners in crime / _cChristie Ahatha. |
||
| 260 |
_aNew York : _bDell Books, _c1957. |
||
| 300 |
_a224 pages : _c18 cm. |
||
| 650 | _aFiction. | ||
| 999 |
_c281921 _d281921 |
||